书目信息 |
| 题名: |
湘赣民系民居建筑与文化研究
|
|
| 作者: | 郭谦 著 | |
| 分册: | ||
| 出版信息: | 北京 中国建筑工业出版社 2005.04 |
|
| 页数: | 269页 | |
| 开本: | 21cm | |
| 丛书名: | 建筑学博士论丛 | |
| 单 册: | ||
| 中图分类: | TU241.5 | |
| 科图分类: | ||
| 主题词: | 民居--研究--湖南省 , 民居--研究--江西省 | |
| 电子资源: | ||
| ISBN: | 7-112-07300-6 | |
| 000 | 00949nam 2200265 450 | |
| 001 | 010261998171 | |
| 005 | 20050926104309.66 | |
| 010 | @a7-112-07300-6@dCNY22.00 | |
| 100 | @a20050727d2005 km y0chiy0120 ea | |
| 101 | 0 | @achi |
| 102 | @aCN@b110000 | |
| 105 | @aa a 000yy | |
| 200 | 1 | @a湘赣民系民居建筑与文化研究@Axiang gan min xi min ju jian zhu yu wen hua yan jiu@f郭谦著@Fguo qian zhu |
| 210 | @a北京@c中国建筑工业出版社@d2005.04 | |
| 215 | @a269页@c图@d21cm | |
| 225 | 2 | @a建筑学博士论丛 |
| 320 | @a有书目 (第263-267页)。 | |
| 330 | @a本书是由作者的博士论文改编的,内容包括湘赣民系民居建筑研究体系、湘赣民系民居文化背景分析、湘赣民系社会形态分析、湘赣民系民居村落环境分析、湘赣民系民居建筑的基本型制等。 | |
| 410 | 0 | @12001 @a建筑学博士论丛 |
| 606 | 0 | @a民居@x研究@y湖南省 |
| 606 | 0 | @a民居@x研究@y江西省 |
| 690 | @aTU241.5@v4 | |
| 701 | 0 | @a郭谦@Aguo qian@4著 |
| 801 | 0 | @aCN@bQSSK@c20050926 |
| 905 | @a10447@dTU241.5@eG825 | |
| 湘赣民系民居建筑与文化研究/郭谦著.-北京:中国建筑工业出版社,2005.04 |
| 269页:图;21cm.-(建筑学博士论丛) |
| ISBN 7-112-07300-6:CNY22.00 |
| 本书是由作者的博士论文改编的,内容包括湘赣民系民居建筑研究体系、湘赣民系民居文化背景分析、湘赣民系社会形态分析、湘赣民系民居村落环境分析、湘赣民系民居建筑的基本型制等。 |
| ● |
| 相关链接 |
|
|
|
正题名:湘赣民系民居建筑与文化研究
索取号:TU241.5/G825
 
预约/预借
| 序号 | 登录号 | 条形码 | 馆藏地/架位号 | 状态 | 备注 |
| 1 | 526976 | 205269760 | 建筑库101/101建筑库 65排4列5层/ [索取号:TU241.5/G825] | 在馆 | |
| 2 | 526977 | 205269779 | 建筑库101/101建筑库 65排4列5层/ [索取号:TU241.5/G825] | 在馆 | |
| 3 | 526978 | 205269788 | 建筑库101/101建筑库 65排4列5层/ [索取号:TU241.5/G825] | 在馆 |